Best Picture Nominees Directed by Women - Statistics

General Stats
  • This quiz has been taken 47 times
    7 since last reset
  • The average score is 15 of 24
Answer Stats
Year Director Movie % Correct
2023 Greta Gerwig Barbie
100%
2019 Greta Gerwig Little Women
100%
2020 Chloé Zhao* Nomadland
100%
2017 Greta Gerwig Lady Bird
83%
2003 Sofia Coppola Lost in Translation
83%
2009 Kathryn Bigelow* The Hurt Locker
83%
1993 Jane Campion The Piano
83%
2021 Jane Campion* The Power of the Dog
83%
2024 Coralie Fargeat The Substance
83%
2022 Sarah Polley Women Talking
83%
2012 Kathryn Bigelow Zero Dark Thirty
83%
2023 Justine Triet Anatomy of a Fall
67%
2025 Chloé Zhao Hamnet
67%
2020 Emerald Fennell Promising Young Woman
67%
2021 Siân Heder CODA
50%
2023 Celine Song Past Lives
50%
2010 Lisa Cholodenko The Kids Are All Right
50%
2014 Ava DuVernay Selma
33%
1991 Barbara Streisand The Prince of Tides
33%
2009 Lone Scherfig An Education
17%
1990 Penny Marshall Awakenings
17%
1986 Randa Haines Children of a Lesser God
17%
2006 Valerie Faris Little Miss Sunshine
17%
2010 Debra Granik Winter's Bone
17%
No matching quizzes found
Score Distribution
Percent of People with Each Score
Percentile by Number Answered
Your Score History
You have not taken this quiz since the last reset